| 000 | 00572nam a22001817a 4500 | ||
|---|---|---|---|
| 005 | 20180419111225.0 | ||
| 010 | _aENG-122463 | ||
| 020 |
_a9788171394722 _c499.00 |
||
| 035 | _aEN-105995 | ||
| 037 | _bDBAD/PUB | ||
| 082 | _a363.7003 | ||
| 245 |
_aDictionary of environmental science / _ced. by Haojam Rocky Singh / |
||
| 260 |
_aNew Delhi _bJnanada Prakashan (P&D) _c2011 |
||
| 270 |
_a4837/2, 24, Ansari Road, Daryaganj, _bNew Delhi _e110002 |
||
| 300 |
_a202p. _bill. _c21cm(Hb) |
||
| 700 | _dHaojam Rocky Singh | ||
| 942 |
_2ddc _cEN _mDIC _h363.7003 |
||
| 999 |
_c150699 _d150699 |
||